Normal view
MARC view
- BIOGRAPHY-QUAID-E-AZAM
Entry Topical Term
001 - CONTROL NUMBER
- control field: 63350
003 - CONTROL NUMBER IDENTIFIER
- control field: NUST
005 - DATE AND TIME OF LATEST TRANSACTION
- control field: 20210628203115.0
008 - FIXED-LENGTH DATA ELEMENTS
- fixed length control field: 210628|| aca||aabn | a|a d
040 ## - CATALOGING SOURCE
- Original cataloging agency: NUST
- Transcribing agency: NUST
150 ## - HEADING--TOPICAL TERM
- Topical term or geographic name entry element: BIOGRAPHY-QUAID-E-AZAM
670 ## - SOURCE DATA FOUND
- Source citation: Work cat.: (NUST): Mirza , Muhmmad Muzafer. Prof 63349, Millat ka pasban, 2007
